书目信息 |
| 题名: |
编译原理习题与解析
|
|
| 作者: | 伍春香 编著 | |
| 分册: | ||
| 出版信息: | 北京 清华大学出版社 2006.10 |
|
| 页数: | 336页 | |
| 开本: | 26cm | |
| 丛书名: | 十一五规划计算机主干课程辅导丛书 | |
| 单 册: | ||
| 中图分类: | TP314 | |
| 科图分类: | ||
| 主题词: | 编译程序--bian yi cheng xu--高等学校--解题 | |
| 电子资源: | ||
| ISBN: | 7-302-13314-X | |
| 000 | 01028nam 2200265 450 | |
| 001 | 012007720654 | |
| 005 | 20080303154436.43 | |
| 010 | @a7-302-13314-X@dCNY29.00 | |
| 100 | @a20070108d2006 km y0chiy0120 ea | |
| 101 | 0 | @achi |
| 102 | @aCN@b110000 | |
| 105 | @aa aq 000yy | |
| 200 | 1 | @a编译原理习题与解析@Abian yi yuan li xi ti yu jie xi@f伍春香编著@Fwu chun xiang bian zhu |
| 205 | @a第2版 | |
| 210 | @a北京@c清华大学出版社@d2006.10 | |
| 215 | @a336页@c图@d26cm | |
| 225 | 2 | @a十一五规划计算机主干课程辅导丛书@Ashi yi wu gui hua ji suan ji zhu gan ke cheng fu dao cong shu |
| 320 | @a有书目。 | |
| 330 | @a本书介绍了编译程序的组成,方法和语言,有穷自动机,自上而下和自下而上语法分析,语法制导翻译,运行阶段的存储组织与分配,代码优化和生成,错误的检测和处理等内容,并在最后给出了综合题. | |
| 410 | 0 | @12001 @a十一五规划计算机主干课程辅导丛书 |
| 606 | 0 | @a编译程序@Abian yi cheng xu@x高等学校@j解题 |
| 690 | @aTP314@v4 | |
| 701 | 0 | @a伍春香@Awu chun xiang@4编著 |
| 801 | 0 | @aCN@c20080303 |
| 905 | @a10447@dTP314@eW935 | |
| 编译原理习题与解析/伍春香编著.-第2版.-北京:清华大学出版社,2006.10 |
| 336页:图;26cm.-(十一五规划计算机主干课程辅导丛书) |
| ISBN 7-302-13314-X:CNY29.00 |
| 本书介绍了编译程序的组成,方法和语言,有穷自动机,自上而下和自下而上语法分析,语法制导翻译,运行阶段的存储组织与分配,代码优化和生成,错误的检测和处理等内容,并在最后给出了综合题. |
| ● |
| 相关链接 |
|
|
|
正题名:编译原理习题与解析
索取号:TP314/W935
 
预约/预借
| 序号 | 登录号 | 条形码 | 馆藏地/架位号 | 状态 | 备注 |
| 1 | 234567 | 202345676 | 自科库301/301自科库 57排3列1层/ [索取号:TP314/W935] | 在馆 | |
| 2 | 479474 | 204794749 | 计算机与数据科学学院资料室/ [索取号:TP314/W935] | 在馆 |